00803cam a22002534a 45000010009000000050017000090080041000260100017000670200032000840200056001160400018001720410008001900420008001980800016002060820020002221000006002421010008002482450053002565040051003099060045003609420012004059990017004179520115004341231867820180301081757.0010222s2002 maua b 001 0 eng  a 2001030368 a007232919X (acidfree paper) a0071122435 (International edition : acidfree paper) aDLCcDLCdDLC aeng apcc a612.76 HAM00a612.76 HAM2211 a8 aEKZ10aKinesiology :cNancy Hamilton, Kathryn Luttgens. aIncludes bibliographical references and index. a7bcbccorignewd1eocipf20gy-gencatlg 2ddccBK c43849d43849 00102udc40708PËKGa002b002cPËKGd2018-03-01l0o612.76 HAMp002-3000574r2018-03-01w2018-03-01yBK